Town and country planning (Record no. 69552)
[ view plain ]
| 000 -LEADER | |
|---|---|
| fixed length control field | 01267cam a2200229 4500 |
| 001 - CONTROL NUMBER | |
| control field | WB3807-22 |
| 008 - FIXED-LENGTH DATA ELEMENTS--GENERAL INFORMATION | |
| fixed length control field | 020220n2002 000 0 eng u |
| 035 ## - SYSTEM CONTROL NUMBER | |
| System control number | (Sirsi) u116778 |
| 245 ## - TITLE STATEMENT | |
| Title | Town and country planning |
| 260 ## - PUBLICATION, DISTRIBUTION, ETC. | |
| Date of publication, distribution, etc. | 2002 |
| 490 ## - SERIES STATEMENT | |
| Series statement | Estates Gazette Case Summaries |
| Volume/sequential designation | [2002] 07 EG 120 (CS) (16/2/02) |
| 520 ## - SUMMARY, ETC. | |
| Summary, etc. | "Ramsey and another v SoS " CA 1February 2002. R appealed against the Inspector's and judge's decisions upholding the local authority's refusal to grant a lawful development certificate for R's proposed use of land as an off-road race track on the grounds that the introduction of the vehicular use would change the use of the land from agricultural use to a permanent mixed use combining agricultural and vehicular use. CA held that vehicular use for a duration of more than 28 days was a temporary use permitted by the Town and Country Planning (General Permitted Development) Order 1995. Appeal allowed. |
| 590 ## - LOCAL NOTE (RLIN) | |
| Local note | WB |
| 650 ## - SUBJECT ADDED ENTRY--TOPICAL TERM | |
| Topical term or geographic name entry element | RAMSEY V SOS |
| 650 ## - SUBJECT ADDED ENTRY--TOPICAL TERM | |
| Topical term or geographic name entry element | LAWFUL DEVELOPMENT CERTIFICATE |
| 650 ## - SUBJECT ADDED ENTRY--TOPICAL TERM | |
| Topical term or geographic name entry element | TOWN AND COUNTRY PLANNING ACT 1990 |
| 650 ## - SUBJECT ADDED ENTRY--TOPICAL TERM | |
| Topical term or geographic name entry element | Land use |
| 9 (RLIN) | 6251 |
| 650 ## - SUBJECT ADDED ENTRY--TOPICAL TERM | |
| Topical term or geographic name entry element | TOWN AND COUNTRY PLANNING (GPD) ORDER 1995 |
| 650 ## - SUBJECT ADDED ENTRY--TOPICAL TERM | |
| Topical term or geographic name entry element | TEMPORARY USE |
| 690 ## - LOCAL SUBJECT ADDED ENTRY--TOPICAL TERM (OCLC, RLIN) | |
| Topical term or geographic name as entry element | Planning and development |
| 9 (RLIN) | 6259 |
| 942 ## - ADDED ENTRY ELEMENTS (KOHA) | |
| Suppress in OPAC | 0 |
| Withdrawn status | Lost status | Source of classification or shelving scheme | Damaged status | Not for loan | Home library | Current library | Shelving location | Date acquired | Total Checkouts | Full call number | Barcode | Date last seen | Copy number | Price effective from | Koha item type |
|---|---|---|---|---|---|---|---|---|---|---|---|---|---|---|---|
| Dewey Decimal Classification | London | London | News article | 20/02/2002 | WB3807-22 | 116778-1001 | 06/08/2019 | 1 | 06/08/2019 | News article |